Guess the RPDR Queens (SLIDESHOW) (1-7) Quiz Stats

 Plays Quiz not verified by Sporcle

Also try: TV Debuts: 2015
Challenge
Share
Tweet
Score 0/100 Timer 10:00
0 Plays Today
% Correct
Victoria Parker
83.5%
Tammie Brown
80.2%
Ongina
72.5%
Jujubee
71.7%
Raven
70.2%
Raja
68.3%
Willam
66.9%
Tatianna
66.2%
Pandora Boxx
65%
Shangela
64.8%
Phi Phi O'Hara
64.8%
Latrice Royale
64.6%
Bebe Zahara Benet
63%
Tyra Sanchez
62.9%
Alyssa Edwards
62.5%
Detox
62.4%
Manila Luzon
61.4%
Jiggly Caliente
61.4%
Nina Flowers
61.3%
Alaska
61.2%
Chad Michaels
60.5%
Coco Montrese
58.8%
Morgan McMichaels
58.5%
Delta Work
57.8%
Shannel
57.7%
Alexis Mateo
57.5%
Jinkx Monsoon
56.4%
Nicole Paige Brooks
55.9%
Carmen Carrera
55.6%
Jade Jolie
55.1%
Ivy Winters
54.3%
Courtney Act
53.8%
Bendelacreme
53.7%
Bianca Del Rio
53.2%
% Correct
Adore Delano
53%
Laganja Estranja
52%
Roxxxy Andrews
51.7%
Yara Sofia
51.6%
Milk
51.6%
Sahara Davenport
50.7%
Dida Ritz
50.5%
Kelly Mantle
49.6%
Akashia
49.3%
Milan
48.5%
Kenya Michaels
48.3%
Sonique
47.8%
Jade
47.7%
Max
47.2%
Darienne Lake
46.6%
Vivacious
46.5%
Miss Fame
46.1%
Serena Cha Cha
45.8%
Monica Beverly Hillz
45.5%
Rebecca Glasscock
45.2%
Mimi Imfurst
45%
Trixie Mattel
45%
Sharon Needles
44.5%
Stacy Layne Matthews
44.4%
Madame Laqueer
44.3%
The Princess
43.8%
Trinity K Bonet
43.4%
Penny Tration
43.3%
Mrs. Kasha Davis
42.8%
Pearl
40.7%
Jessica Wild
40.5%
Ginger Minj
40.5%
Tempest Dujour
40.3%
Kennedy Davenport
39.1%
% Correct
Violet Chachki
38.7%
Mystique Summers Madison
38.4%
Honey Mahogany
38.1%
Vivienne Pinay
38.1%
Magnolia Crawford
37.7%
Phoenix
37.5%
Sasha Belle
37.5%
Joslyn Fox
37.4%
India Ferrah
37.1%
Venus D-Lite
36.8%
Katya
35.3%
Alisa Summers
35.1%
Mariah
34.2%
Jasmine Masters
32.8%
Lineysha Sparx
30.8%
Jaidynn Diore Fierce
30.7%
Gia Gunn
29.7%
Kim Chi
28.6%
Naysha Lopez
28.2%
Acid Betty
27.7%
Laila McQueen
27.2%
Dax Exclamation Point
27.2%
Cynthia Lee Fontaine
26.4%
April Carrion
26.1%
Lashauwn Beyond
24.9%
Naomi Smalls
24.5%
Kandy Ho
23.3%
Bob the Drag Queen
23.1%
Robbie Turner
22.8%
Chi Chi Devayne
22.7%
Thorgy Thor
21%
Derrick Barry
17.5%

You're not logged in!

Compare scores with friends on all Sporcle quizzes.
Join for Free
OR
Log In

You Might Also Like...

Show Comments

Extras

Top Quizzes Today


Score Distribution

Your Account Isn't Verified!

In order to create a playlist on Sporcle, you need to verify the email address you used during registration. Go to your Sporcle Settings to finish the process.

Report this User

Report this user for behavior that violates our Community Guidelines.

Details: